000
00230 a2200097 4500
001
14324
100
_a
Whikbread, N
245
_a
The evolution of the nursery infant school
260
_a
London
_b
Rowledge
_c
090
_c
11233
_d
11233
942
_a
NUST-CAE
_c
M
_c
1374
999
_c
249397
_d
249397